Stavba motorových vozidiel : I. časť: Podvozkové časti automobilov

Enregistré dans:
Détails bibliographiques
Auteur principal: Močkoř, Roman (Auteur)
Format: Livre
Langue:slovaque
Publié: Bratislava : SVŠT v Bratislave SjF, 1990
Édition:2. vyd.
Sujets:
Tags: Ajouter un tag
Pas de tags, Soyez le premier à ajouter un tag!

MARC

LEADER 00000nam a22000003a 4500
001 stu82162
005 20150617225638.8
008 031014s1990----xo------------------slo-d
020 |a 80-227-0296-X 
040 |a STU  |b slo 
041 0 |a slo 
044 |a xo 
080 |a 629.3.023.1 
100 1 |a Močkoř, Roman  |4 aut 
245 1 |a Stavba motorových vozidiel :  |b I. časť: Podvozkové časti automobilov 
250 |a 2. vyd. 
260 |a Bratislava :  |b SVŠT v Bratislave SjF,  |c 1990 
300 |a 277 s 
650 7 |a podvozky automobilov  |2 stusub 
996 |b 284J014851  |c J*71657  |l JJSK  |s A  |a 24  |w stu82162_0001 
996 |b 284J030513  |c J*86868  |l JJST  |s P  |a 0  |w stu82162_0002